Lễ hội nông nghiệp Việt Nam

Đã lưu trong:
Bibliografiske detaljer
Hovedforfatter: Lê, Văn Kỳ
Format: Bog
Sprog:Undetermined
Udgivet: Hà nội Văn hóa dân tộc 2012
Fag:
Tags: Tilføj Tag
Ingen Tags, Vær først til at tagge denne postø!
Thư viện lưu trữ: Trung tâm Học liệu Trường Đại học Cần Thơ
LEADER 00534nam a2200181Ia 4500
001 CTU_179607
008 210402s9999 xx 000 0 und d
082 |a 398.09597 
082 |b K600 
100 |a Lê, Văn Kỳ 
245 0 |a Lễ hội nông nghiệp Việt Nam 
245 0 |c Lê Văn Kỳ, Thu Loan 
260 |a Hà nội 
260 |b Văn hóa dân tộc 
260 |c 2012 
650 |a Folklore,Văn hóa dân gian 
910 |a Nguyên 
980 |a Trung tâm Học liệu Trường Đại học Cần Thơ